[Event "Titled Tuesday intern op 11th Mar Early"]
[Site "Chess.com INT"]
[Date "2025.03.11"]
[Round "5"]
[White "Chakrabarty, Reyaansh"]
[Black "Jimenez Salas, Maria Teresa"]
[Result "1-0"]
[WhiteElo "2181"]
[BlackElo "2071"]
[PlyCount "125"]
[EventDate "2025.03.11"]
[EventType "swiss (blitz)"]
[EventRounds "11"]
[EventCountry "USA"]
[SourceTitle "CB12_2025"]
[SourceDate "2025.03.19"]
[SourceVersion "1"]
[SourceVersionDate "2025.03.19"]
[SourceQuality "1"]

1. e4 c5 2. Nf3 Nc6 3. d4 cxd4 4. Nxd4 Nf6 5. Nc3 d6 6. Be2 e6 7. 0-0 Be7 8. Be3 0-0 9. f4 e5 10. Nxc6 bxc6 11. fxe5 dxe5 12. Qe1 Be6 13. Qg3 Qc7 14. Rf2 Rab8 15. Raf1 Ne8 16. b3 f6 17. Na4 c5 18. Bg4 Bxg4 19. Qxg4 Qc6 20. Nb2 Nd6 21. Qe6+ Rf7 22. Nc4 Rc8 23. Nxd6 Bxd6 24. Rd1 Bf8 25. Qxc6 Rxc6 26. c4 Rd6 27. Rxd6 Bxd6 28. Rd2 Bf8 29. Rd5 Rc7 30. Kf2 Kf7 31. g4 h6 32. h4 Ke6 33. Rd8 Bd6 34. Ke2 Rd7 35. Rc8 Rb7 36. Bxc5 Kd7 37. Rg8 Bxc5 38. Rxg7+ Be7 39. Rh7 Rb8 40. Rxh6 Rg8 41. Kf3 Ke6 42. Rh7 a5 43. h5 Rc8 44. Rg7 a4 45. h6 axb3 46. axb3 Rh8 47. h7 Bb4 48. Kg3 Be1+ 49. Kh3 Bf2 50. b4 Be3 51. c5 Bd2 52. b5 Bb4 53. c6 Kd6 54. c7 Ba5 55. Kh4 Bxc7 56. Kh5 Ba5 57. Kg6 Bd2 58. Rg8 Rxh7 59. Kxh7 Bg5 60. Kg6 Kc5 61. Rb8 Bh4 62. Kf5 Bg5 63. Rg8 1-0

[Event "Titled Tuesday intern op 11th Mar Late"]
[Site "Chess.com INT"]
[Date "2025.03.11"]
[Round "6"]
[White "Gutierrez Olivares, Daniel"]
[Black "Jimenez Salas, Maria Teresa"]
[Result "1-0"]
[WhiteElo "2354"]
[BlackElo "2071"]
[PlyCount "157"]
[EventDate "2025.03.11"]
[EventType "swiss (blitz)"]
[EventRounds "11"]
[EventCountry "USA"]
[SourceTitle "CB12_2025"]
[SourceDate "2025.03.19"]
[SourceVersion "1"]
[SourceVersionDate "2025.03.19"]
[SourceQuality "1"]

1. Nf3 d5 2. g3 Nf6 3. c4 c6 4. Bg2 Bf5 5. b3 e6 6. Bb2 Be7 7. d3 0-0 8. 0-0 h6 9. Nbd2 Nbd7 10. a3 Re8 11. Rc1 Bf8 12. Rc2 Rc8 13. Qa1 dxc4 14. Nxc4 Nc5 15. Ne3 Nxb3 16. Qb1 Na5 17. Bxf6 Qxf6 18. Nc4 Nxc4 19. Rxc4 b6 20. Nd4 c5 21. Nb5 Qe7 22. Ra4 a5 23. Nc3 Qc7 24. Nb5 Qd8 25. Na7 Rc7 26. Qxb6 Qd6 27. Qxd6 Bxd6 28. Nb5 Rd7 29. Bc6 Red8 30. Bxd7 Rxd7 31. Nxd6 Rxd6 32. Rxa5 c4 33. dxc4 Rc6 34. c5 Bc2 35. Rc1 Bb3 36. e4 e5 37. Rc3 Be6 38. Ra8+ Kh7 39. a4 Kg6 40. a5 Bc8 41. Rb8 f6 42. Rb6 Rc7 43. c6 Kf7 44. a6 Ke7 45. Rb7 Kd6 46. a7 Rxb7 47. cxb7 Bxb7 48. Rc8 Bxc8 49. a8Q Be6 50. Qf8+ Kc6 51. Qxg7 f5 52. Qxe5 Kd7 53. exf5 Bf7 54. Qg7 Ke8 55. Qxh6 Ke7 56. Qf4 Kf6 57. f3 Kg7 58. g4 Bg8 59. h3 Bf7 60. Kf2 Bg8 61. Ke3 Bf7 62. Kd4 Bg8 63. Kc5 Bf7 64. Kd6 Bg8 65. Qg3 Kf6 66. f4 Bf7 67. h4 Kg7 68. Qc3+ Kh7 69. h5 Bg8 70. Ke7 Kh6 71. g5+ Kh7 72. Qh8+ Kxh8 73. f6 Kh7 74. g6+ Kh6 75. f7 Bxf7 76. gxf7 Kh7 77. h6 Kg6 78. f8Q Kh7 79. Qg7# 1-0

[Event "Titled Tuesday intern op 11th Mar Late"]
[Site "Chess.com INT"]
[Date "2025.03.11"]
[Round "5"]
[White "Jimenez Salas, Maria Teresa"]
[Black "Breuil, Virgile"]
[Result "1/2-1/2"]
[WhiteElo "2071"]
[BlackElo "2168"]
[PlyCount "283"]
[EventDate "2025.03.11"]
[EventType "swiss (blitz)"]
[EventRounds "11"]
[EventCountry "USA"]
[SourceTitle "CB12_2025"]
[SourceDate "2025.03.19"]
[SourceVersion "1"]
[SourceVersionDate "2025.03.19"]
[SourceQuality "1"]

1. e4 e5 2. Nf3 Nc6 3. d4 exd4 4. Nxd4 Nf6 5. Nxc6 bxc6 6. Qe2 d6 7. Nc3 Be7 8. Bg5 h6 9. Bh4 0-0 10. 0-0-0 a5 11. e5 Ne8 12. Bxe7 Qxe7 13. exd6 Qxe2 14. Bxe2 cxd6 15. Bf3 d5 16. Rhe1 Be6 17. Ne2 Nf6 18. Nd4 Bd7 19. Re2 Rfe8 20. Rde1 Rxe2 21. Rxe2 a4 22. c3 c5 23. Nc2 Be6 24. Rd2 Rd8 25. Ne3 g5 26. h3 Kg7 27. Bd1 Ne4 28. Re2 a3 29. f3 axb2+ 30. Kxb2 Rb8+ 31. Kc2 Nd6 32. Kc1 d4 33. cxd4 cxd4 34. Ng4 Rc8+ 35. Rc2 Ra8 36. Rd2 Rc8+ 37. Rc2 Rb8 38. Rb2 Ra8 39. Bb3 Bf5 40. Kd2 Rb8 41. Kc1 d3 42. Ne3 Bg6 43. Kd2 Rc8 44. Rb1 Ra8 45. Rc1 Nb5 46. Rc5 Nd4 47. Kc3 Ne2+ 48. Kd2 Re8 49. Nf5+ Bxf5 50. Rxf5 Nf4 51. Rxf7+ Kg6 52. g3 Re2+ 53. Kc3 Ne6 54. Bxe6 Rxe6 55. Rd7 Ra6 56. Kb3 Rb6+ 57. Kc3 Ra6 58. Kb2 Rb6+ 59. Ka1 Rc6 60. Rxd3 Rc2 61. a4 Kf6 62. Ra3 Ke6 63. a5 Kd7 64. a6 Rc8 65. a7 Ra8 66. Kb2 Kc6 67. Kc3 Kb7 68. Kd4 Rd8+ 69. Ke4 Ka8 70. Kf5 Rd6 71. g4 Rb6 72. Ke5 Rc6 73. Kd5 Rf6 74. Ke5 Rb6 75. Rd3 Kxa7 76. Rd7+ Kb8 77. Rd6 Rb5+ 78. Rd5 Rb3 79. Kf5 Rxf3+ 80. Kg6 Rxh3 81. Rd7 Kc8 82. Rh7 Rh4 83. Kf5 Kd8 84. Ra7 Ke8 85. Rb7 Kd8 86. Ra7 Rh2 87. Rh7 Ke8 88. Kg6 Rh4 89. Kf5 Rh1 90. Ke6 Kf8 91. Kf6 Ke8 92. Kg6 Rg1 93. Kf5 Rf1+ 94. Kg6 Rf4 95. Kh5 Rf6 96. Rxh6 Rf1 97. Kxg5 Kf7 98. Rh7+ Kg8 99. Ra7 Rb1 100. Kg6 Rb6+ 101. Kh5 Rb5+ 102. g5 Rb1 103. Kg6 Rb6+ 104. Kh5 Rb1 105. Kh6 Rb6+ 106. g6 Rb8 107. Rg7+ Kh8 108. Rh7+ Kg8 109. Rc7 Ra8 110. g7 Ra6+ 111. Kg5 Rb6 112. Kf5 Ra6 113. Kg5 Rb6 114. Re7 Ra6 115. Kf5 Rb6 116. Re6 Rb5+ 117. Kf6 Rb8 118. Rd6 Ra8 119. Kg6 Rb8 120. Rf6 Rc8 121. Kh6 Rd8 122. Rg6 Rd7 123. Ra6 Rd8 124. Ra7 Rd6+ 125. Kg5 Rc6 126. Kf5 Rb6 127. Re7 Rc6 128. Re8+ Kxg7 129. Re7+ Kf8 130. Re6 Rc5+ 131. Kf6 Rc1 132. Ra6 Rf1+ 133. Ke6 Kg8 134. Ra7 Re1+ 135. Kf6 Rf1+ 136. Kg6 Kf8 137. Rb7 Ke8 138. Ra7 Kd8 139. Rh7 Kc8 140. Re7 Rf2 141. Rf7 Rxf7 142. Kxf7 1/2-1/2

[Event "Titled Tuesday intern op 11th Mar Early"]
[Site "Chess.com INT"]
[Date "2025.03.11"]
[Round "3"]
[White "Jimenez Salas, Maria Teresa"]
[Black "February, Jesse Nikki"]
[Result "1-0"]
[WhiteElo "2071"]
[BlackElo "2052"]
[PlyCount "121"]
[EventDate "2025.03.11"]
[EventType "swiss (blitz)"]
[EventRounds "11"]
[EventCountry "USA"]
[SourceTitle "CB12_2025"]
[SourceDate "2025.03.19"]
[SourceVersion "1"]
[SourceVersionDate "2025.03.19"]
[SourceQuality "1"]

1. e4 e6 2. d4 d5 3. Nc3 Nf6 4. Bg5 Be7 5. e5 Nfd7 6. Bxe7 Qxe7 7. f4 a6 8. Nf3 c5 9. dxc5 Nc6 10. Bd3 Nxc5 11. 0-0 b5 12. a3 b4 13. axb4 Nxb4 14. Na4 Nxa4 15. Rxa4 Bd7 16. Ra1 h6 17. Kh1 0-0 18. Be2 Bb5 19. c3 Nc6 20. Bxb5 axb5 21. Qd3 b4 22. c4 Rxa1 23. Rxa1 Rd8 24. cxd5 Rxd5 25. Ra8+ Nd8 26. Qc2 Qd7 27. h3 g6 28. Qc8 Kg7 29. Qxd7 Rxd7 30. Rb8 Nc6 31. Rb6 Nd4 32. Rxb4 Ne2 33. Kh2 h5 34. Re4 Nc1 35. Rd4 Rc7 36. b4 Nb3 37. Rd3 Nc1 38. Rd1 Ne2 39. g3 Rc2 40. Rd2 Rxd2 41. Nxd2 Nd4 42. Kg2 Kf8 43. Kf2 Ke7 44. Nf3 Nb5 45. Ke3 Kd7 46. Nd4 Nc3 47. Kd3 Nd5 48. b5 Kc7 49. Kc4 Kb6 50. Ne2 Ne3+ 51. Kd3 Nf5 52. g4 Ne7 53. gxh5 gxh5 54. h4 Kxb5 55. Ng3 Nf5 56. Nxh5 Kc5 57. Nf6 Ne7 58. h5 Nf5 59. Ke4 Kc6 60. Ng4 Kc7 61. Kf3 1-0

[Event "Titled Tuesday intern op 11th Mar Late"]
[Site "Chess.com INT"]
[Date "2025.03.11"]
[Round "1"]
[White "Jimenez Salas, Maria Teresa"]
[Black "Kovalchuk, Alexey"]
[Result "1/2-1/2"]
[WhiteElo "2071"]
[BlackElo "2304"]
[PlyCount "137"]
[EventDate "2025.03.11"]
[EventType "swiss (blitz)"]
[EventRounds "11"]
[EventCountry "USA"]
[SourceTitle "CB12_2025"]
[SourceDate "2025.03.19"]
[SourceVersion "1"]
[SourceVersionDate "2025.03.19"]
[SourceQuality "1"]

1. e4 e5 2. Nf3 Nf6 3. Nxe5 d6 4. Nf3 Nxe4 5. Nc3 Nxc3 6. dxc3 Be7 7. Bf4 Nd7 8. Qd2 0-0 9. 0-0-0 Re8 10. Bd3 Nc5 11. Kb1 Nxd3 12. Qxd3 Bg4 13. h3 Bh5 14. Rhe1 Qd7 15. Re3 Bf6 16. Rde1 Rxe3 17. Qxe3 h6 18. Bg3 a5 19. Bh4 g5 20. Bg3 a4 21. h4 Qf5 22. hxg5 hxg5 23. Nd4 Qd5 24. Qe4 Qxe4 25. Rxe4 d5 26. Re1 c6 27. Nf5 a3 28. f3 axb2 29. Kxb2 Bg6 30. Ne7+ Kg7 31. Nxg6 Kxg6 32. Kb3 Kf5 33. Re2 Rh8 34. c4 dxc4+ 35. Kxc4 Ra8 36. Kb3 Ra5 37. c4 g4 38. fxg4+ Kxg4 39. Be1 Re5 40. Rxe5 Bxe5 41. Kb4 Bd6+ 42. Ka5 Bc7+ 43. Kb4 f5 44. Kc5 Kf4 45. a4 Ke3 46. Bh4 Ke2 47. g3 Kf3 48. Kb4 Kg4 49. Kc5 Bxg3 50. Bxg3 Kxg3 51. Kb6 f4 52. Kxb7 f3 53. a5 f2 54. a6 f1Q 55. a7 Qb1+ 56. Kxc6 Qa2 57. Kb7 Qb3+ 58. Ka8 Kf4 59. c5 Ke5 60. c6 Kd6 61. c7 Qd5+ 62. Kb8 Qb5+ 63. Ka8 Qc6+ 64. Kb8 Qb6+ 65. Ka8 Qc6+ 66. Kb8 Qb5+ 67. Kc8 Qb6 68. a8N Qxc7+ 69. Nxc7 1/2-1/2

[Event "Titled Tuesday intern op 11th Mar Late"]
[Site "Chess.com INT"]
[Date "2025.03.11"]
[Round "3"]
[White "Shafer, Logan Clark"]
[Black "Jimenez Salas, Maria Teresa"]
[Result "0-1"]
[WhiteElo "2177"]
[BlackElo "2071"]
[PlyCount "84"]
[EventDate "2025.03.11"]
[EventType "swiss (blitz)"]
[EventRounds "11"]
[EventCountry "USA"]
[SourceTitle "CB12_2025"]
[SourceDate "2025.03.19"]
[SourceVersion "1"]
[SourceVersionDate "2025.03.19"]
[SourceQuality "1"]

1. d4 d5 2. Nf3 Nf6 3. Bf4 c5 4. e3 Nc6 5. Nbd2 cxd4 6. exd4 Qb6 7. Nb3 Bg4 8. c3 e6 9. Bd3 a5 10. a4 Be7 11. 0-0 0-0 12. Re1 Rac8 13. Re3 Nh5 14. Bg3 Nxg3 15. hxg3 Bg5 16. Re1 Bf6 17. Rb1 g6 18. Nbd2 Bg7 19. Nf1 Rfe8 20. Ne3 Bf5 21. g4 Bxd3 22. Qxd3 Qc7 23. g3 b6 24. Kg2 Nd8 25. Rh1 Nb7 26. g5 Nd6 27. Ng4 Qc4 28. Qe3 Nf5 29. Qf4 Qxa4 30. Nf6+ Bxf6 31. gxf6 e5 32. Nxe5 Re6 33. g4 Rxf6 34. gxf5 Rxf5 35. Qh6 Qc2 36. Qxh7+ Kf8 37. Qh8+ Ke7 38. Qxc8 Qxf2+ 39. Kh3 Qe3+ 40. Kh4 Rh5+ 41. Kg4 Rg5+ 42. Kh4 Qg3# 0-1

[Event "Titled Tuesday intern op 04th Mar Early"]
[Site "Chess.com INT"]
[Date "2025.03.04"]
[Round "6"]
[White "Abbasova, Aiguioun"]
[Black "Jimenez Salas, Maria Teresa"]
[Result "1-0"]
[WhiteElo "2170"]
[BlackElo "2071"]
[PlyCount "187"]
[EventDate "2025.03.04"]
[EventType "swiss (blitz)"]
[EventRounds "11"]
[EventCountry "USA"]
[SourceTitle "CB11_2025"]
[SourceDate "2025.03.12"]
[SourceVersion "1"]
[SourceVersionDate "2025.03.12"]
[SourceQuality "1"]

1. d4 d5 2. Nf3 Nf6 3. g3 Bf5 4. c4 e6 5. Nc3 c6 6. Nh4 Be4 7. f3 Bg6 8. Bg2 Nbd7 9. 0-0 Be7 10. e4 dxe4 11. fxe4 Bh5 12. Qc2 Nb6 13. Qd3 Bc5 14. Be3 Ng4 15. Rad1 Nxe3 16. Qxe3 Be7 17. Bf3 Nxc4 18. Qe2 Bxf3 19. Nxf3 Nb6 20. a4 0-0 21. a5 Nd7 22. a6 bxa6 23. Qxa6 Qb6 24. Qa2 Rab8 25. Na4 Qb4 26. Rf2 Nb6 27. Nc3 a5 28. e5 Nc4 29. Ne4 h6 30. Rc1 Ne3 31. Rxc6 Rfc8 32. Rxc8+ Rxc8 33. Nc3 Nf5 34. Rd2 Rd8 35. Qa4 Qb6 36. Qc4 Bb4 37. Rd3 Qb7 38. Kg2 Rc8 39. Qb3 Rd8 40. Qd1 a4 41. Ne2 a3 42. bxa3 Bf8 43. g4 Ne7 44. h3 Nd5 45. Kg3 Qb8 46. Qb3 f6 47. Qxb8 Rxb8 48. exf6 Nxf6 49. Ne5 Ra8 50. Nf4 Ra6 51. Kf3 g5 52. Nh5 Nxh5 53. gxh5 Rxa3 54. Rxa3 Bxa3 55. Ke4 Bd6 56. Ng4 Kg7 57. Ne3 Kf6 58. Ng4+ Kg7 59. Kd3 Bf8 60. Kc4 Kf7 61. Kb5 Ke7 62. Kc6 Bg7 63. Kc5 Kd7 64. Ne3 Bf8+ 65. Kc4 Kd6 66. Kd3 Bg7 67. Ke4 Bf8 68. Ng4 Bg7 69. Nf2 Bf8 70. Nd3 Bg7 71. Nb2 e5 72. dxe5+ Ke6 73. Nd3 Bh8 74. Nc5+ Ke7 75. Kd5 Bg7 76. Ne4 Bh8 77. Ng3 Kf7 78. Nf5 Ke8 79. Ke6 Kf8 80. Nxh6 Ke8 81. Ng4 Bg7 82. Nf6+ Bxf6 83. exf6 Kf8 84. Kf5 Kf7 85. Kxg5 Kf8 86. h6 Kf7 87. h4 Kf8 88. h5 Kf7 89. h7 Kf8 90. h8Q+ Kf7 91. Qg7+ Ke6 92. Qe7+ Kd5 93. f7 Kc4 94. f8Q 1-0